| 000 | 00604nam a2200193Ia 4500 | ||
|---|---|---|---|
| 003 | GCL | ||
| 008 | 140319s9999 xx 000 0 ara d | ||
| 040 |
_aGCL / _cGCL |
||
| 082 | 0 | 4 |
_a621.38 _bد م |
| 100 | 1 | _aدرن كانون | |
| 245 | 1 | 0 |
_aمقدمة الى الالكترونيات حالة الصلابة , ط5 / _cدرن كانون |
| 700 | 1 | _aالدار العربية للعلوم | |
| 260 |
_a[S.N] : _bالدار العربية للعلوم |
||
| 300 | _a299 ص | ||
| 490 | _a | ||
| 650 | 0 | 4 | _aالهندسة الالكترونية |
| 650 | 0 | 4 | _aالترانزستور |
| 942 |
_2ddc _cBK |
||
| 999 |
_c42304 _d42304 |
||